书目信息 |
| 题名: |
元明清绘画研究十论
|
|
| 作者: | 徐建融 著 | |
| 分册: | ||
| 出版信息: | 上海 复旦大学出版社 2004 |
|
| 页数: | 344页 | |
| 开本: | 21cm | |
| 丛书名: | 名家专题精讲 | |
| 单 册: | ||
| 中图分类: | J05 , J209.248 | |
| 科图分类: | ||
| 主题词: | 绘画史--研究--中国--元代 , 绘画史--研究--中国--明清时代 , 绘画史 , 艺术评论 , 艺术--鉴赏 | |
| 电子资源: | ||
| ISBN: | 7-309-04235-2 | |
| 000 | 00963oam2 2200313 450 | |
| 001 | 1232073407 | |
| 005 | 20121019085518.00 | |
| 010 | @a7-309-04235-2@dCNY19.00 | |
| 100 | @a20050418d2004 em y0chiy50 ea | |
| 101 | 0 | @achi |
| 102 | @aCN@b310000 | |
| 105 | @aa z 000yy | |
| 200 | 1 | @a元明清绘画研究十论@Ayuan ming qing hui hua yan jiu shi lun@f徐建融著 |
| 210 | @a上海@c复旦大学出版社@d2004 | |
| 215 | @a344页@c图@d21cm | |
| 225 | 2 | @a名家专题精讲 |
| 308 | @a丛书第四辑 | |
| 330 | @a本书所收各篇,系作者在全面研究中国古代绘画传统时结合特定的时间、对象和条件,并针对今天的借鉴和弘扬需求而提出的成果。 | |
| 461 | 0 | @12001 @a名家专题精讲 |
| 606 | 0 | @a绘画史@x研究@y中国@z元代 |
| 606 | 0 | @a绘画史@x研究@y中国@z明清时代 |
| 606 | 0 | @a绘画史 |
| 606 | 0 | @a艺术评论 |
| 606 | 0 | @a艺术@x鉴赏 |
| 690 | @aJ05@v4 | |
| 690 | @aJ209.248@v4 | |
| 701 | 0 | @a徐建融@Axu jian rong@f(1949~)@4著 |
| 801 | 0 | @aCN@bNLC@c20101222 |
| 905 | @a10447@dJ05@eJY39 | |
| 元明清绘画研究十论/徐建融著.-上海:复旦大学出版社,2004 |
| 344页:图;21cm.-(名家专题精讲) |
| ISBN 7-309-04235-2:CNY19.00 |
| 本书所收各篇,系作者在全面研究中国古代绘画传统时结合特定的时间、对象和条件,并针对今天的借鉴和弘扬需求而提出的成果。 |
| ● |
| 相关链接 |
|
|
|
|
正题名:元明清绘画研究十论
索取号:J05/JY39
 
预约/预借
| 序号 | 登录号 | 条形码 | 馆藏地/架位号 | 状态 | 备注 |
| 1 | 7833816 | 278338167 | 学院路分馆/ [索取号:J05/JY39] | 在馆 | |
| 2 | 7833817 | 278338176 | 学院路分馆/ [索取号:J05/JY39] | 在馆 | |
| 3 | 7833818 | 278338185 | 学院路分馆/ [索取号:J05/JY39] | 在馆 | |
| 4 | 7833819 | 278338194 | 学院路分馆/ [索取号:J05/JY39] | 在馆 |